Report on socio- economic conditions of scheduled tribe labour at Surat (1989) (Record no. 497344)

000 -LEADER
fixed length control field 00367cam a22001097a 4500
008 - FIXED-LENGTH DATA ELEMENTS--GENERAL INFORMATION
fixed length control field 180718b1991 xxu||||| |||| 00| 0 eng d
082 ## - DEWEY DECIMAL CLASSIFICATION NUMBER
Classification number T19x5441 G949s
245 ## - TITLE STATEMENT
Title Report on socio- economic conditions of scheduled tribe labour at Surat (1989)
Statement of responsibility, etc. by Labour Bureau
260 ## - PUBLICATION, DISTRIBUTION, ETC.
Place of publication, distribution, etc. Delhi
Name of publisher, distributor, etc. Controller of Publications
Date of publication, distribution, etc. 1991
300 ## - PHYSICAL DESCRIPTION
Extent 129p
700 ## - ADDED ENTRY--PERSONAL NAME
Personal name India. Labour Bureau
Holdings
Withdrawn status Lost status Damaged status Not for loan Permanent Location Current Location Date acquired Full call number Barcode Date last seen Price effective from Koha item type
        Indian Institute of Public Administration Indian Institute of Public Administration 2018-08-04 T19x5441 G949s GG21351 2018-08-04 2018-08-04 GG

Powered by Koha